Letters Minefield: Days & Months Quiz Stats

 Plays Quiz Updated Nov 24, 2014

Challenge
Share
Tweet
Embed
Score 0/10 Timer 00:30
19 Plays Today
% Correct
???
95.3%
???
94.5%
???
94%
???
92.9%
???
91.3%
???
89.9%
???
86%
???
83.5%
???
83.3%
???
82%

You're not logged in!

Compare scores with friends on all Sporcle quizzes.
Join for Free
OR
Log In

You Might Also Like...

Show Comments

Extras

Top Quizzes Today


Score Distribution

Your Account Isn't Verified!

In order to create a playlist on Sporcle, you need to verify the email address you used during registration. Go to your Sporcle Settings to finish the process.

Report this User

Report this user for behavior that violates our Community Guidelines.

Details: